Discursos leídos ante la Real Academia Española en la pública recepción del doctor Don Marcelino Menéndez y Pelayo, el día 6 de marzo de 1881. (Record no. 153522)

MARC details
000 -LEADER
campo de control de longitud fija 01076nam a2200229 i 4500
001 - NÚMERO DE CONTROL
campo de control 153522
003 - IDENTIFICADOR DE NÚMERO DE CONTROL
campo de control ES-MaACL
005 - FECHA Y HORA DE LA ÚLTIMA TRANSACCIÓN
campo de control 20231226211507.0
008 - DATOS DE LONGITUD FIJA--INFORMACIÓN GENERAL
campo de control de longitud fija 990413s1881 sp |||| | spa d
245 00 - MENCIÓN DEL TÍTULO
Título Discursos leídos ante la Real Academia Española en la pública recepción del doctor Don Marcelino Menéndez y Pelayo, el día 6 de marzo de 1881.
260 ## - PUBLICACIÓN, DISTRIBUCIÓN, ETC.
Lugar de publicación, distribución, etc. Madrid :
Nombre del editor, distribuidor, etc. [s.n.],
Fecha de publicación, distribución, etc. 1881 (
Fabricante Imp. de F. Maroto e Hijos)
300 ## - DESCRIPCIÓN FÍSICA
Extensión 116 p. ;
Dimensiones 26 cm.
530 ## - NOTA DISPONIBLE DE FORMULARIO FÍSICO ADICIONAL
Nota de formato físico adicional disponible Disponible en formato digital.
594 ## - Nota al título y mención de responsabilidad
Nota al título y mención de responsabilidad Recoge el discurso de Marcelino Menéndez y Pelayo y la contestación de Juan Varela.
650 #4 - PUNTO DE ACCESO ADICIONAL DE MATERIA--TÉRMINO DE MATERIA
Término de materia o nombre geográfico como elemento de entrada Poesía religiosa española-
Subdivisión general Historia y crítica.
9 (RLIN) 169533
700 1# - ENTRADA AGREGADA--NOMBRE PERSONAL
Nombre de persona Menéndez y Pelayo, Marcelino,
Fechas asociadas al nombre 1856-1912
9 (RLIN) 80332
700 1# - ENTRADA AGREGADA--NOMBRE PERSONAL
Nombre de persona Valera, Juan,
Fechas asociadas al nombre 1824-1905
9 (RLIN) 112638
710 2# - ENTRADA AGREGADA--NOMBRE DE ENTIDAD CORPORATIVA
Nombre de entidad corporativa o nombre de jurisdicción como elemento de entrada Real Academia Española
9 (RLIN) 6336
852 ## - LOCALIZACIÓN
Ubicación ES-MaACL
Número de control de estantería F-M-III-E-F (VI)
Nota libre - Enc. pasta española
-- - Enc. en un vol. facticio
856 ## - LOCALIZACIÓN Y ACCESO ELECTRÓNICOS
Identificador Uniforme de Recursos <a href="http://bdh-rd.bne.es/viewer.vm?id=0000203915&page=1 ">http://bdh-rd.bne.es/viewer.vm?id=0000203915&page=1 </a>
Nota pública Biblioteca Digital Hispánica
Holdings
Estatus retirado Estado de pérdida Estado de daño No para préstamo Colección Biblioteca de origen Biblioteca actual Ubicación en estantería Fecha de adquisición Fuente de adquisición Total de préstamos Signatura topográfica completa Código de barras Visto por última vez Precio de reemplazo Tipo de ítem Koha
        Colección digital Biblioteca del Ateneo de Madrid Biblioteca del Ateneo de Madrid Administración 17/01/2008     F-M-III-E-F (VI) 1160471 23/02/2023 23/02/2023 Libro impreso antiguo